000 01602nam a2200241Ia 4500
003 Ost
005 20260507075624.0
008 260507s9999||||xx |||||||||||||| ||und||
020 _a9789931782631
040 _cfsecg
041 _aara
082 _a330.019
100 _aمونيس، نادية
_eمؤلف
245 0 _aالإقتصاد السلوكي :
_bمدخل نظري ونماذج عملية /
_c نادية مونيس
260 _aالجزائر:
_bالنشر الجامعي الجديد,
_c2021
300 _a142 صفحة؛
_bإيضاحات ؛
_c24 سم
504 _aمراجع ص.143 ملاحق ص.155
520 _aتناول هذا الكتاب تحليل المقاربة السلوكية في الاقتصاد،منها تحليل نموذج الانسان الاقتصادي، والاقتصاد التجريبي مع التحيزات المعرفية كعوائق لأ القرار الاقتصادي ، كذلك الاقتصاد السلوكي وحكومة السلوك،بما فيه ماهية الاقتصاد السلوكي مبادئه مع تحقيق التوازن، بالاضافة الى حكومة السلوك ونظرية الوكزوفي الأخير ذكر لنا تجارب دولية في تطبيق حكومة السلوك في مجال تفعيل السياسات البيئية، وتفعيل سياسات المحافظة على الصحة العامة.
653 _aالاقتصاد- الجوانب النفسية
653 _aالسلوك- اقتصاد
700 _aملياتي برحو، زوبيدة
_eمؤلف ثانوي
942 _cكتاب
999 _c45160
_d45160